[Event "DEM U10w 2025"]
[Site "Willingen GER"]
[Date "2025.06.13"]
[Round "8"]
[White "Bacakova, Johanna"]
[Black "Dobrynina, Alona"]
[Result "1-0"]
[Termination "normal"]
[Board "17"]
[WhiteElo "1444"]
[BlackElo "1031"]
[WhiteClock "00:12:51"]
[BlackClock "01:09:17"]
[PlyCount "63"]
[WhiteFideId "533006849"]
[BlackFideId "533043540"]
[EventCountry "GER"]
[EventRounds "9"]
[EventType "swiss"]
[EventDate "2025.06.07"]

1. e4 {[%clk 01:30:57]} {[%emt 00:00:02]} e5 {[%clk 01:30:54]} {[%emt
00:00:06]} 2. Nf3 {[%clk 01:31:22]} {[%emt 00:00:05]} Nc6 {[%clk 01:31:16]}
{[%emt 00:00:08]} 3. d4 {[%clk 01:31:46]} {[%emt 00:00:07]} exd4 {[%clk
01:31:39]} {[%emt 00:00:07]} 4. Bc4 {[%clk 01:32:09]} {[%emt 00:00:07]} Nf6
{[%clk 01:31:58]} {[%emt 00:00:11]} 5. O-O {[%clk 01:32:25]} {[%emt 00:00:14]}
Be7 {[%clk 01:31:00]} {[%emt 00:01:28]} 6. e5 {[%clk 01:31:42]} {[%emt
00:01:12]} Ne4 {[%clk 01:30:54]} {[%emt 00:00:37]} 7. Re1 {[%clk 01:31:06]}
{[%emt 00:01:06]} Nc5 {[%clk 01:29:51]} {[%emt 00:01:33]} 8. Nxd4 {[%clk
01:28:23]} {[%emt 00:03:11]} Nxd4 {[%clk 01:28:34]} {[%emt 00:01:49]} 9. Qxd4
{[%clk 01:28:30]} {[%emt 00:00:21]} Ne6 {[%clk 01:28:16]} {[%emt 00:00:50]} 10.
Qd1 {[%clk 01:26:47]} {[%emt 00:02:12]} d6 {[%clk 01:27:12]} {[%emt 00:01:36]}
11. Nc3 {[%clk 01:22:28]} {[%emt 00:04:49]} dxe5 {[%clk 01:26:48]} {[%emt
00:00:53]} 12. Qe2 {[%clk 01:15:18]} {[%emt 00:07:40]} Nd4 {[%clk 01:26:14]}
{[%emt 00:01:05]} 13. Qd1 {[%clk 00:59:50]} {[%emt 00:15:57]} O-O {[%clk
01:23:26]} {[%emt 00:03:19]} 14. Rxe5 {[%clk 00:55:32]} {[%emt 00:04:47]} Bf6
{[%clk 01:22:20]} {[%emt 00:01:38]} 15. Re1 {[%clk 00:50:26]} {[%emt 00:05:35]}
Bf5 {[%clk 01:21:52]} {[%emt 00:00:59]} 16. Bd3 {[%clk 00:47:27]} {[%emt
00:03:29]} Qd7 {[%clk 01:20:14]} {[%emt 00:02:08]} 17. Ne4 {[%clk 00:39:46]}
{[%emt 00:08:11]} Bg4 {[%clk 01:16:15]} {[%emt 00:04:28]} 18. Nxf6+ {[%clk
00:38:46]} {[%emt 00:01:30]} gxf6 {[%clk 01:16:16]} {[%emt 00:00:30]} 19. Qd2
{[%clk 00:36:05]} {[%emt 00:03:11]} Bh3 {[%clk 01:16:06]} {[%emt 00:00:39]} 20.
Qh6 {[%clk 00:33:46]} {[%emt 00:02:49]} Bf5 {[%clk 01:14:36]} {[%emt 00:02:00]}
21. Re3 {[%clk 00:24:54]} {[%emt 00:09:23]} Kh8 {[%clk 01:13:41]} {[%emt
00:01:25]} 22. Qxf6+ {[%clk 00:24:17]} {[%emt 00:01:06]} Kg8 {[%clk 01:13:46]}
{[%emt 00:00:25]} 23. Rg3+ {[%clk 00:24:01]} {[%emt 00:00:46]} Bg6 {[%clk
01:13:35]} {[%emt 00:00:40]} 24. Bh6 {[%clk 00:23:52]} {[%emt 00:00:40]} Ne6
{[%clk 01:13:27]} {[%emt 00:00:39]} 25. Bxf8 {[%clk 00:20:51]} {[%emt
00:03:31]} Nxf8 {[%clk 01:13:20]} {[%emt 00:00:37]} 26. Re1 {[%clk 00:19:20]}
{[%emt 00:02:00]} Rd8 {[%clk 01:11:09]} {[%emt 00:02:41]} 27. Re7 {[%clk
00:17:08]} {[%emt 00:02:43]} Qd5 {[%clk 01:10:53]} {[%emt 00:00:18]} 28. h3
{[%clk 00:15:23]} {[%emt 00:02:44]} Qxa2 {[%clk 01:10:33]} {[%emt 00:00:50]}
29. b3 {[%clk 00:13:09]} {[%emt 00:02:45]} Qb1+ {[%clk 01:10:10]} {[%emt
00:00:53]} 30. Kh2 {[%clk 00:12:26]} {[%emt 00:01:10]} Rd7 {[%clk 01:09:14]}
{[%emt 00:01:31]} 31. Qxf7+ {[%clk 00:12:33]} {[%emt 00:00:22]} Kh8 {[%clk
01:09:17]} {[%emt 00:00:27]} 32. Qg7# {[%clk 00:12:51]} {[%emt 00:00:13]} 1-0

[Event "DEM U10w 2025"]
[Site "Willingen GER"]
[Date "2025.06.13"]
[Round "8"]
[White "Seyedfakhari, Elena"]
[Black "Kruijssen, Hilde"]
[Result "1-0"]
[Termination "normal"]
[Board "18"]
[WhiteElo "1477"]
[BlackElo "1457"]
[WhiteClock "01:08:41"]
[BlackClock "00:28:01"]
[PlyCount "49"]
[WhiteFideId "34639888"]
[BlackFideId "40100090"]
[EventCountry "GER"]
[EventRounds "9"]
[EventType "swiss"]
[EventDate "2025.06.07"]

1. d4 {[%clk 01:30:55]} {[%emt 00:00:03]} d5 {[%clk 01:30:51]} {[%emt
00:00:10]} 2. e3 {[%clk 01:31:07]} {[%emt 00:00:18]} e6 {[%clk 01:31:07]}
{[%emt 00:00:15]} 3. Bd3 {[%clk 01:31:17]} {[%emt 00:00:18]} c5 {[%clk
01:31:16]} {[%emt 00:00:22]} 4. c3 {[%clk 01:31:24]} {[%emt 00:00:22]} Nf6
{[%clk 01:31:25]} {[%emt 00:00:20]} 5. Nd2 {[%clk 01:31:16]} {[%emt 00:00:37]}
Be7 {[%clk 01:31:04]} {[%emt 00:00:54]} 6. f4 {[%clk 01:31:11]} {[%emt
00:00:32]} O-O {[%clk 01:28:30]} {[%emt 00:03:05]} 7. Ngf3 {[%clk 01:31:08]}
{[%emt 00:00:33]} Nc6 {[%clk 01:26:18]} {[%emt 00:02:43]} 8. O-O {[%clk
01:30:49]} {[%emt 00:00:48]} Ng4 {[%clk 01:21:16]} {[%emt 00:05:33]} 9. Qe2
{[%clk 01:29:47]} {[%emt 00:01:26]} Bh4 {[%clk 01:10:34]} {[%emt 00:11:18]} 10.
h3 {[%clk 01:29:23]} {[%emt 00:00:49]} Nh6 {[%clk 01:07:45]} {[%emt 00:03:25]}
11. Ne5 {[%clk 01:24:20]} {[%emt 00:05:29]} Nf5 {[%clk 01:06:25]} {[%emt
00:01:51]} 12. Ndf3 {[%clk 01:23:41]} {[%emt 00:01:06]} Ng3 {[%clk 01:05:36]}
{[%emt 00:01:25]} 13. Qd1 {[%clk 01:20:14]} {[%emt 00:01:56]} Nxf1 {[%clk
01:06:06]} 14. Kxf1 {[%clk 01:20:15]} {[%emt 00:02:28]} cxd4 {[%clk 01:01:13]}
{[%emt 00:05:25]} 15. exd4 {[%clk 01:20:16]} {[%emt 00:00:29]} Qf6 {[%clk
00:55:15]} {[%emt 00:06:24]} 16. g4 {[%clk 01:15:49]} {[%emt 00:04:57]} h6
{[%clk 00:49:44]} {[%emt 00:06:05]} 17. g5 {[%clk 01:14:52]} {[%emt 00:01:27]}
hxg5 {[%clk 00:48:53]} {[%emt 00:01:21]} 18. fxg5 {[%clk 01:13:19]} {[%emt
00:02:04]} Qd8 {[%clk 00:42:37]} {[%emt 00:06:43]} 19. Nxh4 {[%clk 01:12:54]}
{[%emt 00:00:58]} f6 {[%clk 00:41:54]} {[%emt 00:01:13]} 20. Neg6 {[%clk
01:12:11]} {[%emt 00:01:09]} Rf7 {[%clk 00:37:23]} {[%emt 00:05:05]} 21. Qh5
{[%clk 01:11:33]} {[%emt 00:01:03]} fxg5+ {[%clk 00:36:10]} {[%emt 00:01:49]}
22. Ke1 {[%clk 01:11:25]} {[%emt 00:00:36]} Rd7 {[%clk 00:32:08]} {[%emt
00:04:34]} 23. Bxg5 {[%clk 01:10:04]} {[%emt 00:01:52]} Qc7 {[%clk 00:30:08]}
{[%emt 00:02:21]} 24. Qh8+ {[%clk 01:09:36]} {[%emt 00:01:04]} Kf7 {[%clk
00:28:01]} {[%emt 00:02:39]} 25. Qf8# {[%clk 01:08:41]} {[%emt 00:00:16]} 1-0

[Event "DEM U10w 2025"]
[Site "Willingen GER"]
[Date "2025.06.13"]
[Round "8"]
[White "Winkler, Helena"]
[Black "Richter Assencio, Victoria"]
[Result "1/2-1/2"]
[Termination "normal"]
[Board "19"]
[WhiteElo "953"]
[BlackElo "955"]
[WhiteClock "01:00:26"]
[BlackClock "01:09:24"]
[PlyCount "50"]
[WhiteFideId "533018847"]
[BlackFideId "533043620"]
[EventCountry "GER"]
[EventRounds "9"]
[EventType "swiss"]
[EventDate "2025.06.07"]

1. d4 {[%clk 01:30:56]} {[%emt 00:00:03]} d5 {[%clk 01:30:47]} {[%emt
00:00:14]} 2. c4 {[%clk 01:31:21]} {[%emt 00:00:05]} e6 {[%clk 01:31:07]}
{[%emt 00:00:09]} 3. e3 {[%clk 01:31:46]} {[%emt 00:00:05]} Nf6 {[%clk
01:31:20]} {[%emt 00:00:18]} 4. Nc3 {[%clk 01:32:08]} {[%emt 00:00:08]} b6
{[%clk 01:31:02]} {[%emt 00:00:48]} 5. a3 {[%clk 01:32:05]} {[%emt 00:00:32]}
Bb7 {[%clk 01:31:17]} {[%emt 00:00:16]} 6. b4 {[%clk 01:32:03]} {[%emt
00:00:31]} c5 {[%clk 01:31:29]} {[%emt 00:00:17]} 7. bxc5 {[%clk 01:31:46]}
{[%emt 00:00:47]} bxc5 {[%clk 01:31:51]} {[%emt 00:00:07]} 8. Rb1 {[%clk
01:32:05]} {[%emt 00:00:12]} Qa5 {[%clk 01:30:21]} {[%emt 00:02:00]} 9. Bd2
{[%clk 01:29:56]} {[%emt 00:02:39]} Ba6 {[%clk 01:30:35]} {[%emt 00:00:17]} 10.
Nxd5 {[%clk 01:29:19]} {[%emt 00:01:07]} Qd8 {[%clk 01:30:24]} {[%emt
00:00:41]} 11. Nc3 {[%clk 01:27:45]} {[%emt 00:02:04]} cxd4 {[%clk 01:29:40]}
{[%emt 00:01:13]} 12. exd4 {[%clk 01:28:00]} {[%emt 00:00:15]} Qxd4 {[%clk
01:28:55]} {[%emt 00:01:15]} 13. Nf3 {[%clk 01:27:38]} {[%emt 00:00:52]} Qc5
{[%clk 01:28:38]} {[%emt 00:00:47]} 14. Qa4+ {[%clk 01:26:28]} {[%emt
00:01:39]} Nfd7 {[%clk 01:28:27]} {[%emt 00:00:42]} 15. Be3 {[%clk 01:26:07]}
{[%emt 00:00:50]} Qc6 {[%clk 01:25:47]} {[%emt 00:03:11]} 16. Qxc6 {[%emt
00:00:47]} Nxc6 {[%clk 01:26:07]} {[%emt 00:00:08]} 17. Be2 {[%clk 01:24:55]}
{[%emt 00:01:27]} Na5 {[%clk 01:20:31]} {[%emt 00:06:06]} 18. Nb5 {[%emt
00:11:53]} Bxb5 {[%clk 01:17:16]} {[%emt 00:03:42]} 19. cxb5 {[%clk 01:13:49]}
{[%emt 00:00:14]} Bxa3 {[%clk 01:17:40]} {[%emt 00:00:06]} 20. Ra1 {[%clk
01:14:02]} {[%emt 00:00:16]} Bb4+ {[%clk 01:17:49]} {[%emt 00:00:23]} 21. Nd2
{[%clk 01:06:48]} {[%emt 00:07:44]} Nb3 {[%clk 01:17:24]} {[%emt 00:00:56]} 22.
Rb1 {[%clk 01:01:00]} {[%emt 00:06:17]} Bxd2+ {[%clk 01:17:09]} {[%emt
00:00:44]} 23. Bxd2 {[%clk 01:01:12]} {[%emt 00:00:16]} Nbc5 {[%clk 01:15:44]}
{[%emt 00:01:56]} 24. Be3 {[%clk 01:00:46]} {[%emt 00:00:56]} O-O {[%clk
01:13:38]} {[%emt 00:02:37]} 25. O-O {[%clk 01:00:26]} {[%emt 00:00:50]} Rfd8
{[%clk 01:09:24]} {[%emt 00:04:03]} 1/2-1/2

[Event "DEM U10w 2025"]
[Site "Willingen GER"]
[Date "2025.06.13"]
[Round "8"]
[White "Hellriegel, Emma"]
[Black "Braginets, Alisa"]
[Result "1/2-1/2"]
[Termination "normal"]
[Board "20"]
[WhiteElo "999"]
[BlackElo "871"]
[WhiteClock "00:30:56"]
[BlackClock "00:54:39"]
[PlyCount "81"]
[WhiteFideId "533043558"]
[BlackFideId "533041431"]
[EventCountry "GER"]
[EventRounds "9"]
[EventType "swiss"]
[EventDate "2025.06.07"]

1. e4 {[%clk 01:30:59]} c5 {[%clk 01:30:53]} {[%emt 00:00:07]} 2. Nf3 {[%clk
01:31:09]} {[%emt 00:00:20]} d6 {[%clk 01:31:11]} {[%emt 00:00:12]} 3. h3
{[%clk 01:30:16]} {[%emt 00:01:22]} Nc6 {[%clk 01:30:25]} {[%emt 00:01:16]} 4.
Bc4 {[%clk 01:29:41]} {[%emt 00:01:04]} e6 {[%clk 01:25:15]} {[%emt 00:05:41]}
5. Nc3 {[%clk 01:28:25]} {[%emt 00:01:45]} g6 {[%clk 01:24:59]} {[%emt
00:00:42]} 6. O-O {[%clk 01:23:57]} {[%emt 00:05:03]} Nf6 {[%clk 01:25:04]}
{[%emt 00:00:26]} 7. d3 {[%clk 01:21:38]} {[%emt 00:02:49]} Bg7 {[%clk
01:24:36]} {[%emt 00:00:58]} 8. Bg5 {[%clk 01:19:46]} {[%emt 00:02:17]} O-O
{[%clk 01:23:46]} {[%emt 00:01:24]} 9. Re1 {[%clk 01:17:03]} {[%emt 00:03:14]}
e5 {[%clk 01:22:59]} {[%emt 00:01:17]} 10. Qd2 {[%clk 01:15:15]} {[%emt
00:02:18]} Qe8 {[%clk 01:16:14]} {[%emt 00:06:51]} 11. Nd5 {[%clk 01:13:48]}
{[%emt 00:02:17]} Nxd5 {[%clk 01:15:53]} {[%emt 00:00:54]} 12. Bxd5 {[%clk
01:13:43]} {[%emt 00:00:35]} Be6 {[%clk 01:15:09]} {[%emt 00:01:14]} 13. Bb3
{[%clk 01:12:57]} {[%emt 00:01:14]} Bxb3 {[%clk 01:14:28]} {[%emt 00:01:14]}
14. axb3 {[%clk 01:13:00]} {[%emt 00:00:28]} f6 {[%clk 01:14:07]} {[%emt
00:00:49]} 15. Bh6 {[%clk 01:09:10]} {[%emt 00:04:13]} Rd8 {[%clk 01:10:09]}
{[%emt 00:04:30]} 16. c3 {[%clk 01:05:48]} {[%emt 00:03:59]} d5 {[%clk
01:08:40]} {[%emt 00:01:57]} 17. Bxg7 {[%clk 01:04:09]} {[%emt 00:02:11]} Kxg7
{[%clk 01:08:44]} {[%emt 00:00:24]} 18. d4 {[%clk 00:56:06]} {[%emt 00:08:35]}
c4 {[%clk 01:04:57]} {[%emt 00:04:17]} 19. bxc4 {[%clk 00:55:12]} {[%emt
00:01:25]} dxc4 {[%clk 01:04:49]} {[%emt 00:00:36]} 20. d5 {[%clk 00:54:26]}
{[%emt 00:01:15]} Rf7 {[%clk 01:04:37]} {[%emt 00:00:41]} 21. Qe2 {[%clk
00:52:59]} {[%emt 00:01:51]} Nb8 {[%clk 01:02:52]} {[%emt 00:02:21]} 22. Rxa7
{[%clk 00:52:32]} {[%emt 00:00:59]} b5 {[%clk 01:02:20]} {[%emt 00:01:01]} 23.
Rxf7+ {[%clk 00:49:53]} {[%emt 00:03:09]} Kxf7 {[%clk 01:02:19]} {[%emt
00:00:30]} 24. Rb1 {[%clk 00:45:19]} {[%emt 00:04:57]} f5 {[%clk 01:01:06]}
{[%emt 00:01:50]} 25. exf5 {[%clk 00:44:59]} {[%emt 00:00:51]} Rxd5 {[%clk
01:01:08]} {[%emt 00:00:27]} 26. fxg6+ {[%clk 00:44:41]} {[%emt 00:00:50]} hxg6
{[%clk 01:01:22]} {[%emt 00:00:12]} 27. b3 {[%clk 00:41:31]} {[%emt 00:03:41]}
cxb3 {[%clk 01:01:29]} {[%emt 00:00:24]} 28. Rxb3 {[%clk 00:41:08]} {[%emt
00:00:55]} Kg7 {[%clk 00:57:52]} {[%emt 00:04:05]} 29. c4 {[%clk 00:39:43]}
{[%emt 00:01:53]} bxc4 {[%clk 00:57:52]} {[%emt 00:00:33]} 30. Qxc4 {[%clk
00:39:41]} {[%emt 00:00:31]} Rd1+ {[%clk 00:56:56]} {[%emt 00:01:20]} 31. Kh2
{[%clk 00:39:20]} {[%emt 00:00:55]} e4 {[%clk 00:56:22]} {[%emt 00:01:05]} 32.
Ng1 {[%clk 00:35:55]} {[%emt 00:03:43]} Qe5+ {[%clk 00:55:37]} {[%emt
00:01:27]} 33. Kh1 {[%clk 00:34:58]} {[%emt 00:01:28]} g5 {[%clk 00:54:56]}
{[%emt 00:01:07]} 34. Qc3 {[%clk 00:34:36]} {[%emt 00:00:49]} Nd7 {[%clk
00:54:28]} {[%emt 00:01:03]} 35. Qxe5+ {[%clk 00:34:51]} {[%emt 00:00:19]} Nxe5
{[%clk 00:54:41]} {[%emt 00:00:16]} 36. Kh2 {[%clk 00:33:54]} {[%emt 00:01:19]}
g4 {[%clk 00:54:28]} {[%emt 00:00:49]} 37. hxg4 {[%clk 00:33:04]} {[%emt
00:01:24]} Nxg4+ {[%clk 00:54:41]} {[%emt 00:00:17]} 38. Kg3 {[%clk 00:32:37]}
{[%emt 00:00:53]} Rxg1 {[%clk 00:54:34]} {[%emt 00:00:40]} 39. Kxg4 {[%clk
00:31:59]} {[%emt 00:01:09]} Rxg2+ {[%clk 00:54:37]} {[%emt 00:00:25]} 40. Kf4
{[%clk 00:30:37]} {[%emt 00:01:54]} Rxf2+ {[%clk 00:54:39]} {[%emt 00:00:28]}
41. Kxe4 {[%clk 00:30:56]} {[%emt 00:00:11]} 1/2-1/2

[Event "DEM U10w 2025"]
[Site "Willingen GER"]
[Date "2025.06.13"]
[Round "8"]
[White "Kasperczyk, Sara"]
[Black "Quauck, Johanna"]
[Result "1/2-1/2"]
[Termination "normal"]
[Board "21"]
[WhiteElo "784"]
[BlackElo "973"]
[WhiteClock "00:22:29"]
[BlackClock "00:37:03"]
[PlyCount "55"]
[WhiteFideId "533043574"]
[BlackFideId "533043604"]
[EventCountry "GER"]
[EventRounds "9"]
[EventType "swiss"]
[EventDate "2025.06.07"]

1. Nf3 {[%clk 01:30:54]} {[%emt 00:00:05]} Nc6 {[%clk 01:30:47]} {[%emt
00:00:13]} 2. d4 {[%clk 01:31:00]} {[%emt 00:00:24]} e5 {[%clk 01:30:55]}
{[%emt 00:00:22]} 3. dxe5 {[%clk 01:29:42]} {[%emt 00:01:47]} f6 {[%clk
01:31:02]} {[%emt 00:00:23]} 4. Bf4 {[%clk 01:28:43]} {[%emt 00:01:28]} Bc5
{[%clk 01:29:48]} {[%emt 00:01:44]} 5. g3 {[%clk 01:27:10]} {[%emt 00:02:04]}
d6 {[%clk 01:26:11]} {[%emt 00:04:06]} 6. exd6 {[%clk 01:24:12]} {[%emt
00:03:27]} cxd6 {[%clk 01:26:01]} {[%emt 00:00:41]} 7. Bg2 {[%clk 01:22:39]}
{[%emt 00:02:03]} Nge7 {[%clk 01:20:09]} {[%emt 00:06:20]} 8. O-O {[%clk
01:18:51]} {[%emt 00:04:20]} d5 {[%clk 01:16:11]} {[%emt 00:04:28]} 9. c3
{[%clk 01:14:21]} {[%emt 00:05:00]} Qb6 {[%clk 01:11:44]} {[%emt 00:04:58]} 10.
b4 {[%clk 01:12:19]} {[%emt 00:02:32]} Nxb4 {[%clk 01:05:56]} {[%emt 00:06:18]}
11. cxb4 {[%clk 01:09:53]} {[%emt 00:02:56]} Qxb4 {[%clk 01:06:16]} {[%emt
00:00:10]} 12. Bd2 {[%clk 01:06:59]} {[%emt 00:03:20]} Qc4 {[%clk 01:01:58]}
{[%emt 00:04:52]} 13. Nc3 {[%clk 01:02:22]} {[%emt 00:05:05]} Bd7 {[%clk
01:00:24]} {[%emt 00:02:05]} 14. a4 {[%clk 01:01:04]} {[%emt 00:01:49]} a6
{[%clk 00:59:17]} {[%emt 00:01:37]} 15. Qc2 {[%clk 00:54:17]} {[%emt 00:07:16]}
Bf5 {[%clk 00:58:04]} {[%emt 00:01:44]} 16. Qb2 {[%clk 00:51:49]} {[%emt
00:02:56]} Rb8 {[%clk 00:56:43]} {[%emt 00:01:53]} 17. Rac1 {[%clk 00:49:23]}
{[%emt 00:02:54]} d4 {[%clk 00:54:16]} {[%emt 00:02:59]} 18. Ne4 {[%clk
00:47:30]} {[%emt 00:02:22]} Qxa4 {[%clk 00:51:54]} {[%emt 00:02:53]} 19. Nxc5
{[%clk 00:45:14]} {[%emt 00:02:45]} Qb5 {[%clk 00:50:38]} {[%emt 00:01:45]} 20.
Qxd4 {[%clk 00:42:09]} {[%emt 00:03:36]} Nc6 {[%clk 00:45:40]} {[%emt
00:05:28]} 21. Qe3+ {[%clk 00:40:22]} {[%emt 00:02:09]} Ne7 {[%clk 00:45:26]}
{[%emt 00:00:52]} 22. Rc3 {[%clk 00:36:10]} {[%emt 00:04:40]} b6 {[%clk
00:44:05]} {[%emt 00:01:53]} 23. Ne6 {[%clk 00:32:32]} {[%emt 00:04:00]} Qd7
{[%clk 00:42:55]} {[%emt 00:01:49]} 24. Nfd4 {[%clk 00:32:07]} {[%emt
00:00:53]} Rc8 {[%clk 00:40:15]} {[%emt 00:03:12]} 25. Nxg7+ {[%clk 00:28:20]}
{[%emt 00:04:18]} Kf7 {[%clk 00:39:19]} {[%emt 00:01:25]} 26. Qh6 {[%clk
00:25:15]} {[%emt 00:03:26]} Qxd4 {[%clk 00:37:01]} {[%emt 00:02:58]} 27. Rd3
{[%clk 00:23:43]} {[%emt 00:01:59]} Bxd3 {[%clk 00:37:03]} {[%emt 00:00:31]}
28. exd3 {[%clk 00:22:29]} {[%emt 00:01:55]} 1/2-1/2